000 00636nam a2200241Ia 4500
005 20260430150134.0
008 008 250103s9999 xx 000 0 eng d
037 _aTheses
040 _aCRL
040 _beng
040 _ceng
041 _2eng
041 _aeng
084 _qCRL
100 _aSingh Nidhi Au.; Chandra Ramesh Gu.
_91236573
245 0 _aDesign, Synthesis And Optimization Studies Of Small Organic Molecules
260 _c2021
300 _a218p.
650 _aChemistry
700 _aUniversity of Delhi. Faculty of Science. Deptt. of Chemistry
_91236464
942 _cTH
999 _c1849044
_d1849044